00848nam a2200265Ia 4500001000900000003000500009005001700014008004100031010001100072020001800083040000900101082001500110100003600125245009900161260003100260300001100291500000800302650003500310901001500345902000600360905006300366942001500429999001900444952011900463dia_3599CHAP20230310114106.0220117s2005 xx 000 0 und d a174092 a968-18-6658-4 cCHAP a500.972 C3 aCañedo Dorantes, Luis9154986 aLa tecnología en México, el reto ante la globalización /cLuis Cañedo Dorantes y otros aMéxico :b LUMISA,c2005 a486 p. aC/e aTecnologíaxMéxico9154987 a500.972 C3 aM a0000002005 mx 0000000000spa00 cLIBRO2ddc c174092d174092 00102ddc40708GRALaIA_bIA_d2022-01-18f1l0o500.972 C3pdia_6073r2022-01-18 00:00:00t1w2022-01-18yLIBRO